Quiz su Bologna - Statistics

Statistiche generali
  • Questo quiz è stato fatto 41 volte
  • Il punteggio medio è 10 su 15
Statistiche sulle risposte
Indizio Risposta % Corretto
È il capoluogo di questa regione Emilia-Romagna
97%
Celebre sugo composto da carne macinata, pomodoro e verdure Ragù
94%
La più alta è quella degli Asinelli Torre
91%
Fondata nel 1088 è la più antica del mondo Università
91%
Famoso insaccato di origine bolognese Mortadella
82%
Gruppo che citò in un brano i colli bolognesi Lùnapop
76%
Bologna, Venezia ed Amsterdam hanno questa cosa in comune Canali
73%
Cantante che si definiva "napoletano nato a Bologna" Lucio Dalla
70%
Nel centro storico ci sono 38km di questo tipo di architettura, protetti dall'UNESCO Portici
70%
Il nome del Dio romano rappresentato in una fontana nell'omonima piazza Nettuno
58%
Soprannome dato a Bologna a causa dell'arte culinaria La Grassa
48%
Qual è il numero dei segreti nascosti di Bologna? 7
45%
Fu colpita da bombardamenti durante questo conflitto Seconda Guerra Mondiale
39%
Popolazione che fondò Bologna nel VI secolo Etruschi
33%
In quale cantica della Divina Commedia viene citata la Torre della Garisenda? Inferno
30%
Nessun quiz corrispondente trovato
Distribuzione punteggi
Percentuale di utenti per punteggio
Percentile per numero di risposta
I tuoi punteggi nel tempo
Non hai fatto questo quiz